Guess The DRAKE FEATURES - Statistics

General Stats
  • This quiz has been taken 111 times
  • The average score is 12 of 20
Answer Stats
Hint Answer % Correct
Travis Scott SICKO MODE / MELTDOWN
80%
Kendrick Lamar Poetic Justice
76%
Rihanna Work / What's My Name?
76%
Future Life Is Good / Where Ya At / Fo Real / I'M ON ONE / WAIT FOR U / Used to This / Tony Montana / Never Satisfied
74%
Meek Mill Going Bad / R.I.C.O / Amen
70%
DJ Khaled POPSTAR / GREECE / I'm On One / No New Friends / Staying Alive
69%
Lil Baby Yes Indeed / Never Recover
69%
Eminem Forever
66%
BlocBoy JB Look Alive
61%
A$AP Rocky F**kin' Problems
60%
Lil Wayne Love Me / Right Above It / She Will / I'm Single / Gonorrhea / Believe Me / Money to Blow
60%
Migos Walk It Talk It / Versace (Remix) / Having Our Way
60%
Bad Bunny MIA
57%
PARTYNEXTDOOR Recognize / Come and See Me / Over Here / LOYAL
55%
Metro Boomin' Trance / Mr. Right Now / No Complaints
55%
21 Savage Mr. Right Now
51%
Chris Brown No Guidance
46%
Young Thug Bubbly / Oh U Went / Parade on Cleveland / Solid
40%
Nicki Minaj Truffle Butter / Moment 4 Life / No Frauds / BedRock / Only
39%
Big Sean Blessings
28%
No matching quizzes found
Score Distribution
Percent of People with Each Score
Percentile by Number Answered
Your Score History
You have not taken this quiz